000 03448nam a2200433 a 4500
001 000103236
003 CHAP
005 20250807094240.0
007 cr ||||||a|c|a
008 101108s2010 mx r 00010 spa d
035 _a111357
040 _cCHAP
090 _aTesis
100 1 _aCruz Huerta, Carmina
_929445
245 1 0 _aCaptura de agua en bosque de pino - encino de Cuacualachaco, Tetela de Ocampo, Puebla
_c/por Carmina Cruz Huerta; director de tesis José Amando Gil Vera Castillo.
264 1 _aChapingo, Méx. :
_bEl autor,
_c2010.
300 _a1 recurso en línea (70 páginas):
_ccuadros, figuras.
336 _2rdacontent
_atexto
_btxt
337 _2rdamedia
_acomputadora
_bc
338 _2rdacarrier
_arecursos en línea
_bcr
502 _bIRNR
_cSuelos
_d2010.
_gLIC
520 _aEl objetivo de este trabajo fue conocer la cantidad de agua capturada en un Bosque de Pino-Encino en Cuacualachaco, Tetela de Ocampo, Puebla para plantear proyectos futuros que ayuden a mejorar las condiciones de vida de los habitantes, en el sitio de estudio se determinaron tres aperturas del bosque, abierta, cerrada, semi- abierta, captando el agua de lluvia en cada apertura. Se utilizó la metodología de Anaya (2007), lo cual indica que por cada mL de agua de lluvia que cae sobre un metro cuadrado de suelo se obtendrá un litro de agua. Se realizaron pruebas estadísticas haciendo comparaciones combinadas de medias y varianza para determinar qué apertura es la que capta mayor cantidad de agua. También se calculó la intercepción de lluvia por el dosel arbóreo; para determinarlo se utilizaron Sistemas de Información Geográfica (SIG), donde se desplegó la capa de uso de suelo y vegetación para sobreponerlo con la precipitación, se multiplico por el coeficiente ponderado de intercepción de acuerdo al tipo de vegetación con la precipitación anual, para obtener el mapa de intercepción anual. Como resultados se muestra que la apertura del dosel, condición abierta, es la que capta mayor volumen de agua seguida de la apertura semi- abierta. El análisis estadístico mostró que los tratamientos (condición abierta, cerrada, semi- abierta) tienen diferencias significativas, al hacer comparación entre años nos da como resultado que hay diferencias significativas entre los años, siendo 2008 superior al 2009. La comparación de años entre meses a lo largo del año nos muestra que septiembre y octubre son los meses que tienen mayor precipitación. El porcentaje de intercepción más alto se encuentra en la apertura cerrada evitando que se capte el 100% de la precipitación, pero también existe un mínimo porcentaje de intercepción en la condición abierta.
590 _aALEPH
_b10
_c20130110
590 _aBATCH-UPD
_b10
_c20130110
590 _aBATCH-UPD
_b10
_c20140324
590 _aBATCH-UPD
_b10
_c20141002
590 _aCONVERSION
_b10
_c20130109
590 _aE11695DGD
_b10
_c20160509
650 0 4 _aAgua
_xAlmacenamiento.
_92279
650 0 4 _aBosques
_xPuebla.
_914372
700 0 _aVera Castillo, José Amando Gil
_eDirector de tesis.
_9118764
856 _uhttp://10.13.5.2/tesis/111357.pdf
_zDESCARGAR PDF
901 _aBK
942 _cTD
_2Clasificación Universidad Autónoma Chaíngo
949 _bBC
_cTES
_d33724002223330
_eTS1
_gDonaciØn
_h51425
_i111357
_st
949 _bBC
_cTES
_d33724002223371
_eTS2
_fc.2
_gDonaciØn
_h51426
_i111357
_st
999 _c99699
_d99699